000 01368nam a2200385 i 4500
001 12195
003 KOSZ 005
005 20200706094831.0
008 200422s1967 pl a f 000 0 pol
015 _aPB 1967/8415
040 _aWA N
_cWA N
_dKOSZ 005/RW
_dKOSZ 005/HR
046 _k1967
080 _a624.07
100 1 _aStachurski, Wiesław
_d(1926-2009)
_eAutor
245 1 0 _aCienkościenne przekrycia obrotowe :
_bracjonalne warunki podparcia /
_cWiesław Stachurski.
260 _aWarszawa :
_b"Arkady",
_c1967.
300 _a93, [2] strony :
_bilustracje, errata ;
_c21 cm.
336 _aTekst
_btxt
_2rdacontent
337 _aBez urządzenia pośredniczacego
_bn
_2rdamedia
338 _aWolumin
_bnc
_2rdacarrier
380 _aKsiążki
380 _aPublikacje fachowe
388 _a1901-2000
388 _a1945-1989
490 1 _aBiblioteka Inżynierii i Budownictwa ;
_v15.
504 _aBibliografia na stronie [95].
650 7 _aPowłoki (budownictwo)
650 7 _aKonstrukcje budowlane
655 7 _aOpracowanie
658 _aArchitektura i budownictwo
710 2 _aWydawnictwo Arkady
_4pbl
830 0 _aBIB Biblioteka Inżynierii i Budownictwa ;
_v15.
856 _uhttp://koha.tu.koszalin.pl/cgi-bin/koha/opac-detail.pl?biblionumber=12195
_yKatalog online BPK
942 _2UKD
_cKS
999 _c12195
_d12195